000 00650nam a2200277Ia 4500
005 20260324144321.0
008 008 260324s9999 xx 000 0 eng d
020 _a9781003427087
037 _aEBOOK
040 _aCRL
040 _beng
040 _cCRL
041 _2eng
041 _aeng
084 _qCRL
100 _aJames Hogg; Steve Moss; Diana Cooke
_91218872
245 0 _aAgeing and Mental Handicap
260 _bTaylor and Francis
260 _c1988
365 _a
365 _b195
856 _uhttp://www.taylorfrancis.com/books/9781003427087
942 _cEBOOK
999 _c1825353
_d1825353